• 首页
  • 本馆介绍
  • 公告通知
  • 最新文献
  • 馆藏检索
  • 电子资源
  • 读者导购
  • 参考咨询
  • 我的图书馆
  • 登录
  • 详细信息显示
  • 放入我的书架
  • 预约/预借图书
  • 作者相关作品
  • 分类相关作品
  • 丛书相关作品
  • 出版社相关作品

书目信息

  • 表格格式
  • 工作单格式
  • 卡片格式
题名:
查帐方法与技巧
    
 
作者: 王国志 主编
分册:  
出版信息: 北京   中国审计出版社  1997
页数: 430页
开本: 20cm
丛书名: 注册会计师系列丛书
单 册:
中图分类: F231.6
科图分类:
主题词: 会计检查
电子资源:
ISBN: 7-80064-547-9
000 00707nam2 2200253 450
001 0100616606
005 20020928000000.0
010    @a7-80064-547-9@dCNY18
011    @a7-80064-547-9
100    @a19971223d1997 em y0chiy0110 ea
101 0  @achi
102    @aCN@b110000
105    @ay z 000yy
106    @ar
200 1  @a查帐方法与技巧@9Cha;Zha Zhang Fang Fa Yu Ji Qiao @f王国志主编@b专著
210    @a北京@c中国审计出版社@d1997
215    @a430页@d20cm
225 2  @a注册会计师系列丛书
410  0 @12001 @a注册会计师系列丛书
606 0  @a会计检查
690    @aF231.6@v3
701  0 @a王国志@9wang guo zhi@4主编
801  0 @aCN@bAiZhiMarc@c19980108
905    @aBZT@dF231.6@e147@f4@sF231.6/147
    
    查帐方法与技巧/王国志主编.-北京:中国审计出版社,1997
    430页;20cm.-(注册会计师系列丛书)
    
    
    ISBN 7-80064-547-9:CNY18
    
●
相关链接 在五车中查询图书 在当当中查询图书 在豆瓣中查询图书


正题名:查帐方法与技巧     索取号:F231.6/147         预约/预借

序号 登录号 条形码 馆藏地/架位号 状态 备注
1 2000104641   2000104641   旧书回溯/ [索取号:F231.6/147] 在馆    
2 2000104642   2000104642   旧书回溯/ [索取号:F231.6/147] 在馆    
3 2000104643   2000104643   旧书回溯/ [索取号:F231.6/147] 在馆    
4 2000104644   2000104644   旧书回溯/ [索取号:F231.6/147] 在馆    
山东省滨州职业学院图书馆 欢迎您!
大连网信软件有限公司© 版权所有